| 000 | 00755nam a2200229Ia 4500 | ||
|---|---|---|---|
| 003 | GCL | ||
| 008 | 140319s9999 xx 000 0 ara d | ||
| 040 |
_aGCL / _cGCL |
||
| 082 | 0 | 4 |
_a301.45 _bس م |
| 100 | 1 | _aسعدالدين ابراهيم | |
| 245 | 1 | 0 |
_aالملل والنحل والاعراق هموم الاقليات فى الوطن العربى / _cسعدالدين ابراهيم |
| 260 |
_a[S.N] : _bمركز ابن خلدون للدراسات الانمائية ، _c1994 |
||
| 300 | _a826 ص | ||
| 490 | _a | ||
| 650 | 0 | 4 | _aالعالم العربى |
| 650 | 0 | 4 | _aتاريخ |
| 650 | 0 | 4 | _aالاقليات |
| 650 | 0 | 4 | _aالقومية |
| 650 | 0 | 4 | _aالتفرقة العنصرية |
| 650 | 0 | 4 | _aالمفاضلة |
| 942 |
_2ddc _cBK |
||
| 999 |
_c54133 _d54133 |
||